书目信息 |
| 题名: |
皮肤保健与美容
|
|
| 作者: | 何黎 , 刘流 主编 | |
| 分册: | ||
| 出版信息: | 北京 人民卫生出版社 2007.12 |
|
| 页数: | 213页 | |
| 开本: | 21cm | |
| 丛书名: | ||
| 单 册: | ||
| 中图分类: | R751.01 , R622 | |
| 科图分类: | ||
| 主题词: | 皮肤--保健--基本知识 , 皮肤--美容术--基本知识 , 皮肤 , 美容术 | |
| 电子资源: | ||
| ISBN: | 978-7-117-09560-0 | |
| 000 | 00848nam0 2200277 450 | |
| 001 | 003744724 | |
| 005 | 20080507135651.0 | |
| 010 | @a978-7-117-09560-0@dCNY49.00 | |
| 100 | @a20100913d2007 em y0chiy0110 ea | |
| 101 | 0 | @achi |
| 102 | @aCN@b110000 | |
| 105 | @aa z 000yy | |
| 200 | 1 | @a皮肤保健与美容@Api fu bao jian yu mei rong@f何黎,刘流主编 |
| 210 | @a北京@c人民卫生出版社@d2007.12 | |
| 215 | @a213页@c照片@d21cm | |
| 330 | @a本书共七部分,包括:皮肤结构、功能与美容;皮肤保健、美容及日常护理;拥有秀发的奥秘;化妆品皮肤科学等内容。 | |
| 606 | 0 | @a皮肤@x保健@x基本知识 |
| 606 | 0 | @a皮肤@x美容术@x基本知识 |
| 606 | 0 | @a皮肤 |
| 606 | 0 | @a美容术 |
| 690 | @aR751.01@v5 | |
| 690 | @aR622@v5 | |
| 701 | 0 | @a何黎@Ahe li@c(女)@4主编 |
| 701 | 0 | @a刘流@Aliu liu@f(1957~)@4主编 |
| 905 | @aBZT@dR751.01@e2 | |
| 906 | @dCNY49.00@n0@r1 | |
| 皮肤保健与美容/何黎,刘流主编.-北京:人民卫生出版社,2007.12 |
| 213页:照片;21cm |
| ISBN 978-7-117-09560-0:CNY49.00 |
| 本书共七部分,包括:皮肤结构、功能与美容;皮肤保健、美容及日常护理;拥有秀发的奥秘;化妆品皮肤科学等内容。 |
| ● |
| 相关链接 |
|
|
|
正题名:皮肤保健与美容
索取号:R751.01/2
 
预约/预借
| 序号 | 登录号 | 条形码 | 馆藏地/架位号 | 状态 | 备注 |
| 1 | 761928 | 2000761928 | 中心书库中库/ 中库014架A面5列5层28/ [索取号:R751.01/2] | 在馆 | |
| 2 | 761930 | 2000761930 | 中心书库中库/ 中库014架A面6列4层36/ [索取号:R751.01/2] | 在馆 | |
| 3 | 761931 | 2000761931 | 中心书库中库/ 中库014架A面6列2层11/ [索取号:R751.01/2] | 在馆 | |
| 4 | 761932 | 2000761932 | 中心书库中库/ 中库014架A面6列4层37/ [索取号:R751.01/2] | 在馆 | |
| 5 | 761933 | 2000761933 | 中心书库中库/ 中库014架A面6列2层9/ [索取号:R751.01/2] | 在馆 | |
| 6 | 761934 | 2000761934 | 中心书库中库/ 中库014架A面6列2层10/ [索取号:R751.01/2] | 在馆 | |
| 7 | 761935 | 2000761935 | 中心书库中库/ 中库014架A面5列5层27/ [索取号:R751.01/2] | 在馆 | |
| 8 | 761936 | 2000761936 | 中心书库中库/ 中库014架A面6列2层12/ [索取号:R751.01/2] | 在馆 | |
| 9 | 761937 | 2000761937 | 中心书库中库/ 中库014架A面6列2层13/ [索取号:R751.01/2] | 在馆 |